000 00952cad a22002535a 4500
001 L156303
008 120511s2012 xxk f 000 0 eng d
035 _a(Sirsi) u156303
041 0 _aeng
100 1 _aHore, Alan V
110 0 _aConstruction IT Alliance
245 0 0 _aBIM
_bBuilding information modelling
_bIreland's opportunity
_h[electronic resource]
260 _a[S.l.]
_bCITA
_c2012
520 _aA presentation to the Government Construction Contracts Committee in Ireland on 2nd May 2012; BIM complements Ireland's National Energy Efficiency Action Plan; BIM is a requirement on EU projects.
590 _aKA NTK
650 _aBUILDING INFORMATION MODELLING
650 2 4 _aBIM
_96219
651 4 _aIreland
651 4 _aInternational
690 _aBIM
_96219
700 1 _aMontague, Ralph
856 4 0 _uhttps://www.cita.ie/images/assets/cita%20pres_gccc_2nd%20may%202012.pdf
_zView the presentation here www.cita.ie
942 _n0
999 _c114169
_d114169